[Event "XVII Aberto "]
[Site "Ourense"]
[Date "2008.07.08"]
[Round "6.43"]
[White "Mateus, André"]
[Black "Casal Salgado, Jose Luis"]
[Result "1/2-1/2"]
[WhiteElo "1445"]
[BlackElo "1855"]
[PlyCount "97"]
[EventDate "2008.07.03"]

1. e4 c6 2. d4 d5 3. Nc3 dxe4 4. Nxe4 Nd7 5. Ng5 Ngf6 6. Bc4 e6 7. N1f3 h6 8.
Nh3 Bd6 9. Bf4 Qc7 10. Bxd6 Qxd6 11. O-O O-O 12. Re1 b6 13. Ne5 Bb7 14. Nxd7
Nxd7 15. c3 Nf6 16. f3 Rfd8 17. Qd2 c5 18. Rad1 cxd4 19. Qxd4 Qc7 20. Qf4 Qc5+
21. Kh1 Rxd1 22. Rxd1 Bd5 23. Bxd5 Nxd5 24. Qe4 Rc8 25. Qd4 Qxd4 26. Rxd4 Rc7
27. Kg1 f6 28. Kf2 Ne7 29. Nf4 Kf7 30. Rd6 e5 31. Nd5 Nxd5 32. Rxd5 Ke6 33. Rd2
Rd7 34. Rxd7 Kxd7 35. Ke3 Kd6 36. f4 f5 37. fxe5+ Kxe5 38. a4 g5 39. g3 Kd5 40.
b3 a5 41. h4 Ke5 42. Kf3 Kd6 43. Ke3 Kd5 44. h5 Kc5 45. Kd3 Kd5 46. Ke3 Ke5 47.
Kf3 Kd6 48. Ke3 Kd5 49. Kf3 1/2-1/2

[Event "XVII Aberto "]
[Site "Ourense"]
[Date "2008.07.08"]
[Round "6.45"]
[White "Ferreira, Miguel"]
[Black "Andrade, Nuno Filipe"]
[Result "1-0"]
[WhiteElo "1807"]
[BlackElo "1445"]
[PlyCount "107"]
[EventDate "2008.07.03"]

1. d4 g6 2. e4 d6 3. Nf3 Bg7 4. Be3 Nf6 5. Nc3 O-O 6. Qd2 Bg4 7. Be2 Nbd7 8.
O-O-O c5 9. dxc5 Nxc5 10. Bxc5 dxc5 11. Qg5 Qc7 12. e5 Bxf3 13. Bxf3 h6 14. Qe3
Ne8 15. Rhe1 e6 16. Kb1 a6 17. Na4 Rc8 18. a3 b5 19. Nc3 b4 20. axb4 cxb4 21.
Na2 Qxc2+ 22. Ka1 Qa4 23. Rd4 a5 24. Be2 Rc5 25. f4 Nc7 26. b3 Nd5 27. Rxd5 Rc3
28. Qxc3 Qxa2+ 29. Kxa2 bxc3 30. Rxa5 Rc8 31. Rc1 Rd8 32. Kb1 Rd2 33. Bf3 Rb2+
34. Ka1 Rxb3 35. Ra4 g5 36. fxg5 Bxe5 37. Rc2 hxg5 38. h3 Kg7 39. Bh5 Bb8 40.
Ka2 Rb2+ 41. Rxb2 cxb2 42. Kxb2 f6 43. Kc2 f5 44. Kd3 Kf6 45. Ra6 Ke7 46. Kd4
Kf6 47. Be8 Bg3 48. Bd7 Ke7 49. Bxe6 f4 50. Bg4 Kd8 51. Rg6 Bh4 52. Rg7 Ke8 53.
Ke5 Be1 54. Rxg5 1-0

[Event "XVII Aberto "]
[Site "Ourense"]
[Date "2008.07.08"]
[Round "6.47"]
[White "Solange Videira Gabriel, Agna"]
[Black "Martinez Vecillas, Javier"]
[Result "0-1"]
[WhiteElo "1461"]
[BlackElo "1851"]
[PlyCount "73"]
[EventDate "2008.07.03"]

1. e4 c5 2. Nf3 Nc6 3. c3 e6 4. Bd3 d5 5. e5 Nge7 6. Bc2 g6 7. d4 cxd4 8. cxd4
Bg7 9. Bf4 Bd7 10. Nc3 a6 11. Qd2 h5 12. O-O Nf5 13. Rac1 Rb8 14. a3 Qb6 15.
Bxf5 gxf5 16. Rfd1 Na5 17. Rb1 Rc8 18. Bg5 Nc4 19. Qc1 Qc7 20. Bh4 Bh6 21. Bg5
Bg7 22. b3 Nxe5 23. dxe5 Qxc3 24. Qxc3 Rxc3 25. Rdc1 Rxc1+ 26. Rxc1 O-O 27. Rc7
Bc6 28. Bf4 Rb8 29. Nd4 a5 30. Kf1 Bf8 31. a4 Ba3 32. Nxc6 bxc6 33. Rxc6 Rxb3
34. Rc8+ Kg7 35. Ra8 Rb1+ 36. Ke2 Rb4 37. Bd2 0-1

[Event "XVII Aberto "]
[Site "Ourense"]
[Date "2008.07.08"]
[Round "6.48"]
[White "Rey Alvarez, Jacobo"]
[Black "Gil Fernandez, Juan Jose"]
[Result "1/2-1/2"]
[WhiteElo "1788"]
[BlackElo "1551"]
[PlyCount "138"]
[EventDate "2008.07.03"]

1. c4 e5 2. Nc3 Bb4 3. Nd5 Ba5 4. b4 c6 5. bxa5 cxd5 6. cxd5 d6 7. Qa4+ Qd7 8.
Qb4 Na6 9. Qc4 Nf6 10. Ba3 O-O 11. e4 Qe7 12. Rb1 Nh5 13. Ne2 f5 14. d3 f4 15.
Nc3 f3 16. g3 Bg4 17. h3 Rac8 18. Qb3 Nxg3 19. fxg3 f2+ 20. Kd2 Qg5+ 21. Kc2
Bf3 22. h4 Qxg3 23. Rh3 Qg4 24. Rxf3 Qxf3 25. Bxd6 Nc5 26. Bxc5 Rxc5 27. d6+
Qf7 28. d7 Rc7 29. Qxf7+ Kxf7 30. Bh3 Kg6 31. Kd2 Rxd7 32. Rf1 Rdf7 33. Ke2 Kh5
34. Nd5 Kxh4 35. Be6 Rf3 36. Ne3 g6 37. Nf5+ gxf5 38. Kxf3 fxe4+ 39. Kxe4 Kg3
40. Ke3 h5 41. Ke2 h4 42. Bd5 h3 43. Bxb7 Rb8 44. a6 Rf8 45. Rh1 Rf6 46. Rc1 h2
47. Rf1 Rf4 48. Be4 Rf6 49. Bb7 Rb6 50. Ke3 Rf6 51. Ke2 Rf8 52. Rc1 Rf6 53. a4
Rf5 54. Kf1 Rf7 55. Be4 Rf6 56. Rc3 Rf8 57. d4+ Kf4 58. Bh1 Rg8 59. Rf3+ Kg4
60. Kxf2 Rb8 61. Rg3+ Kh4 62. Rd3 Rb2+ 63. Ke3 exd4+ 64. Rxd4+ Kg5 65. Rd2 Rb3+
66. Kf2 Rb6 67. a5 Rxa6 68. Kg3 Rxa5 69. Kxh2 Ra3 1/2-1/2

[Event "XVII Aberto "]
[Site "Ourense"]
[Date "2008.07.08"]
[Round "6.49"]
[White "Gomez Dieguez, David"]
[Black "Cid Liston, Ramon"]
[Result "0-1"]
[WhiteElo "1727"]
[BlackElo "1517"]
[PlyCount "44"]
[EventDate "2008.07.03"]

1. e4 c5 2. d4 cxd4 3. c3 dxc3 4. Nxc3 e6 5. Nf3 h6 6. Bc4 Bb4 7. O-O Ne7 8.
Qe2 Bxc3 9. bxc3 O-O 10. Rd1 Nbc6 11. e5 Qa5 12. Bd2 Ng6 13. Re1 Qc7 14. Bd3 b6
15. h4 f5 16. exf6 Rxf6 17. g3 Bb7 18. h5 Nce7 19. Nh2 Raf8 20. Be3 Qc6 21. f4
Qh1+ 22. Kf2 Qg2# 0-1

[Event "XVII Aberto "]
[Site "Ourense"]
[Date "2008.07.09"]
[Round "7.1"]
[White "Ortiz Suarez, Isam"]
[Black "Petkov, Vladimir"]
[Result "1-0"]
[WhiteElo "2392"]
[BlackElo "2423"]
[PlyCount "69"]
[EventDate "2008.07.03"]

1. e4 c5 2. Nf3 d6 3. d4 cxd4 4. Nxd4 Nf6 5. Nc3 a6 6. Be3 e5 7. Nb3 Be6 8. Qd2
Be7 9. O-O-O O-O 10. f3 a5 11. a4 Na6 12. g4 Nb4 13. Kb1 Qb8 14. g5 Ne8 15. f4
exf4 16. Bxf4 Nc7 17. Nd4 Qc8 18. h4 Rd8 19. h5 d5 20. Qh2 Rd7 21. g6 h6 22.
gxf7+ Bxf7 23. Bh3 Bd8 24. Rhg1 Ra6 25. Bxd7 Qxd7 26. Nf5 Ne8 27. Nxh6+ Rxh6
28. Bxh6 Kh7 29. Be3 Nf6 30. Bd4 Qc6 31. Qg2 Nxh5 32. Rh1 Qh6 33. Nxd5 Bg5 34.
Rdg1 Nxd5 35. Qxg5 1-0

[Event "XVII Aberto "]
[Site "Ourense"]
[Date "2008.07.09"]
[Round "7.2"]
[White "Cabezas Ayala, Ivan"]
[Black "Rivas Pastor, Manuel"]
[Result "0-1"]
[WhiteElo "2336"]
[BlackElo "2508"]
[PlyCount "36"]
[EventDate "2008.07.03"]

1. e4 e5 2. Nf3 Nc6 3. Bb5 Nf6 4. d3 d6 5. c3 Bd7 6. Nbd2 g6 7. O-O Bg7 8. Re1
O-O 9. Nf1 Nh5 10. Ba4 Kh8 11. Bb3 Na5 12. Bc2 c5 13. h3 Rc8 14. d4 cxd4 15.
cxd4 Qc7 16. Ne3 Nf4 17. d5 f5 18. Bb1 Qxc1 0-1

[Event "XVII Aberto "]
[Site "Ourense"]
[Date "2008.07.09"]
[Round "7.3"]
[White "Rusev, Krasimir"]
[Black "Krivoshey, Sergei"]
[Result "1/2-1/2"]
[WhiteElo "2508"]
[BlackElo "2504"]
[PlyCount "31"]
[EventDate "2008.07.03"]

1. d4 d5 2. Nf3 c6 3. c4 e6 4. Nc3 dxc4 5. e3 b5 6. a4 Bb4 7. Bd2 a5 8. axb5
Bxc3 9. Bxc3 cxb5 10. b3 Bb7 11. bxc4 b4 12. Bb2 Nf6 13. Bd3 Nbd7 14. O-O O-O
15. Re1 Ne4 16. Qc2 1/2-1/2

[Event "XVII Aberto "]
[Site "Ourense"]
[Date "2008.07.09"]
[Round "7.4"]
[White "Paunovic, Dragan"]
[Black "Vallejo Diaz, Javier"]
[Result "1/2-1/2"]
[WhiteElo "2539"]
[BlackElo "2296"]
[PlyCount "98"]
[EventDate "2008.07.03"]

1. c4 e5 2. g3 Nc6 3. Nc3 g6 4. Bg2 Bg7 5. d3 d6 6. Rb1 a5 7. a3 f5 8. Nf3 Nf6
9. O-O O-O 10. b4 axb4 11. axb4 h6 12. b5 Ne7 13. Bb2 g5 14. Ra1 Rb8 15. Ra7 f4
16. Nd2 fxg3 17. hxg3 Qe8 18. e4 Ng4 19. Bf3 Qh5 20. Bxg4 Bxg4 21. f3 Bh3 22.
Rf2 g4 23. Rh2 gxf3 24. Kf2 Qg4 25. Nf1 Bxf1 26. Qxf1 Nf5 27. Qg1 Nd4 28. Rh4
Qg5 29. Bc1 Qg6 30. Be3 Ne2 31. Nxe2 fxe2+ 32. Kxe2 Ra8 33. Rxa8 Rxa8 34. Kf3
Ra2 35. g4 Qf6+ 36. Kg3 c6 37. bxc6 bxc6 38. Rh5 d5 39. Rf5 Qd6 40. Qb1 Ra3 41.
Bc1 Ra7 42. cxd5 cxd5 43. Qb3 Rd7 44. Be3 Kh7 45. Qxd5 Qxd5 46. exd5 Rxd5 47.
d4 Kg6 48. Kf3 Ra5 49. Rh5 Rb5 1/2-1/2

[Event "XVII Aberto "]
[Site "Ourense"]
[Date "2008.07.09"]
[Round "7.8"]
[White "Milchev, Nikolay"]
[Black "Vidal Del Rio, Diego"]
[Result "1/2-1/2"]
[WhiteElo "2356"]
[BlackElo "2146"]
[PlyCount "115"]
[EventDate "2008.07.03"]

1. d4 d5 2. Nf3 e6 3. g3 Nf6 4. Bg2 Be7 5. O-O O-O 6. c4 c6 7. Qc2 b6 8. Ne5
Bb7 9. Rd1 Nbd7 10. Bf4 Rc8 11. Nc3 Nxe5 12. dxe5 Nd7 13. cxd5 cxd5 14. e4 d4
15. Rxd4 Bc5 16. Rd2 Bc6 17. Qd1 Qc7 18. a3 a5 19. Qh5 b5 20. Qe2 Qb6 21. h4 b4
22. axb4 axb4 23. Na4 Qa7 24. Qd1 Ra8 25. Nxc5 Qxa1 26. Nxd7 Qxd1+ 27. Rxd1
Rfd8 28. Rd4 Bxd7 29. Rxb4 Rab8 30. Rd4 Be8 31. Be3 Rxd4 32. Bxd4 Rd8 33. Bc3
Rd1+ 34. Kh2 Bb5 35. Bf3 Rd7 36. g4 h6 37. Kg3 g5 38. hxg5 hxg5 39. Bg2 Kg7 40.
Bb4 Kg6 41. Bd6 Ra7 42. Kf3 Ra1 43. Bb4 Rd1 44. Kg3 Rd4 45. Bc3 Rd1 46. Bf3 Rd7
47. Bb4 Rd4 48. Bc5 Rc4 49. b4 Rc3 50. Kg2 Rc1 51. Kh2 Rc3 52. Bg2 Be2 53. Bd6
Rb3 54. b5 Rxb5 55. f3 Rb2 56. Kg3 Bb5 57. Be7 Bc4 58. Bf6 1/2-1/2

[Event "XVII Aberto "]
[Site "Ourense"]
[Date "2008.07.09"]
[Round "7.10"]
[White "Starostits, Ilmars"]
[Black "Rivera Kuzawka, Daniel"]
[Result "1-0"]
[WhiteElo "2497"]
[BlackElo "2322"]
[PlyCount "71"]
[EventDate "2008.07.03"]

1. e4 c5 2. Nf3 e6 3. c3 Nf6 4. Bd3 d5 5. e5 Nfd7 6. Bc2 b6 7. O-O Nc6 8. Re1
Ba6 9. d4 cxd4 10. Nxd4 Nxd4 11. cxd4 Be7 12. Nc3 b5 13. Qg4 g6 14. Bh6 Nb6 15.
Bd3 Nc4 16. a4 b4 17. Nb5 Bxb5 18. axb5 Nxb2 19. Bc2 Nc4 20. Qh3 Rg8 21. Ra6
Nb6 22. Rea1 Qc7 23. Bd1 Qb7 24. Qd3 Kd7 25. Qf3 Ke8 26. g3 Nc4 27. Ba4 Nb6 28.
Bb3 Bd8 29. h4 Nd7 30. Bd2 Bb6 31. Qd3 Kf8 32. Bh6+ Ke8 33. Qd2 Nb8 34. Qxb4
Nd7 35. Bg5 Nf8 36. Rxb6 1-0

[Event "XVII Aberto "]
[Site "Ourense"]
[Date "2008.07.09"]
[Round "7.11"]
[White "Astasio Lopez, David"]
[Black "Almagro Llamas, Pablo"]
[Result "0-1"]
[WhiteElo "2258"]
[BlackElo "2492"]
[PlyCount "110"]
[EventDate "2008.07.03"]

1. d4 d5 2. Nf3 Nf6 3. Nbd2 Bf5 4. c3 e6 5. Nh4 Be4 6. Qb3 b6 7. Nhf3 Bd6 8.
Ne5 Bf5 9. f3 Bxe5 10. dxe5 Nfd7 11. f4 O-O 12. Nf3 c5 13. g3 Nc6 14. Bg2 Be4
15. O-O Rb8 16. Qd1 b5 17. a3 a5 18. b4 cxb4 19. cxb4 axb4 20. axb4 Nxb4 21.
Ba3 Nc2 22. Bxf8 Qxf8 23. Rc1 Ne3 24. Qd4 Nxf1 25. Kxf1 b4 26. Nd2 Bxg2+ 27.
Kxg2 b3 28. Rc7 Nb6 29. Nxb3 Nc4 30. Nd2 Rc8 31. Rb7 h6 32. Nf3 Ra8 33. Ra7 Rb8
34. Ra2 Rb3 35. Kf2 Ne3 36. Qa7 Nd1+ 37. Kg2 Nc3 38. Rc2 Qb4 39. Qd4 Qb5 40.
Rxc3 Qxe2+ 41. Kh3 Rb2 42. Qd3 Qg2+ 43. Kg4 g6 44. h3 Kg7 45. Rb3 Rf2 46. Nd4
Rd2 47. Qc3 Rxd4 48. Qxd4 Qe2+ 49. Rf3 h5+ 50. Kh4 Qxf3 51. Qb4 Qe4 52. Qe7 Qf5
53. Qd8 Kh7 54. Qd7 g5+ 55. fxg5 Kg6 0-1

[Event "XVII Aberto "]
[Site "Ourense"]
[Date "2008.07.09"]
[Round "7.12"]
[White "Filip, Lucian"]
[Black "Pazos Porta, Antonio"]
[Result "1/2-1/2"]
[WhiteElo "2461"]
[BlackElo "2189"]
[PlyCount "68"]
[EventDate "2008.07.03"]

1. Nf3 Nf6 2. c4 g6 3. Nc3 Bg7 4. e4 d6 5. d4 O-O 6. Be2 Nc6 7. d5 Nb8 8. O-O
a5 9. Be3 Nbd7 10. Nd2 e6 11. Qc2 Qe7 12. a3 c5 13. Rfe1 Ne8 14. Nb5 h6 15.
Rad1 e5 16. b4 f5 17. f3 f4 18. Bf2 b6 19. bxa5 bxa5 20. Nf1 h5 21. Rb1 g5 22.
h3 Rf6 23. Nh2 Rg6 24. Nc3 Ndf6 25. Na4 g4 26. hxg4 hxg4 27. fxg4 Bxg4 28. Bh4
Qc7 29. Qb3 Bd7 30. Bd1 Rh6 31. Bg5 Rg6 32. Bh4 Rh6 33. Bg5 Rg6 34. Bh4 Rh6
1/2-1/2

[Event "XVII Aberto "]
[Site "Ourense"]
[Date "2008.07.09"]
[Round "7.13"]
[White "Lopez Rodriguez, Walter"]
[Black "Guerra Mendez, Jose Angel"]
[Result "0-1"]
[WhiteElo "2227"]
[BlackElo "2456"]
[PlyCount "70"]
[EventDate "2008.07.03"]

1. Nf3 Nf6 2. g3 b6 3. Bg2 Bb7 4. c4 e6 5. O-O Be7 6. Nc3 O-O 7. d4 Ne4 8. Qc2
Nxc3 9. Qxc3 d6 10. Re1 c5 11. e4 Nc6 12. d5 Bf6 13. Qd3 Nd4 14. Nxd4 Bxd4 15.
Re2 Re8 16. dxe6 fxe6 17. Be3 e5 18. f4 a6 19. Rf1 b5 20. b3 bxc4 21. Qxc4+ Kh8
22. Bxd4 cxd4 23. fxe5 dxe5 24. Rf7 Rc8 25. Qb4 Rc7 26. Ref2 Kg8 27. Rxc7 Qxc7
28. Bf1 Qc8 29. Bc4+ Kh8 30. Rf7 Bxe4 31. Qd6 h6 32. Rc7 Qh3 33. Bf1 Qh5 34.
Qd7 Rg8 35. g4 Qg5 0-1

[Event "XVII Aberto "]
[Site "Ourense"]
[Date "2008.07.09"]
[Round "7.14"]
[White "Tamayo Romay, Javier"]
[Black "Hoffman, Alejandro"]
[Result "1-0"]
[WhiteElo "2217"]
[BlackElo "2445"]
[PlyCount "59"]
[EventDate "2008.07.03"]

1. e4 c5 2. Nf3 g6 3. d4 Bg7 4. Nc3 cxd4 5. Nxd4 Nc6 6. Be3 d6 7. Bc4 Nf6 8. f3
O-O 9. Qd2 Bd7 10. O-O-O Qa5 11. g4 Rfc8 12. Bb3 Ne5 13. h4 Nc4 14. Bxc4 Rxc4
15. h5 Rac8 16. Nb3 Qa6 17. hxg6 fxg6 18. Kb1 Rxc3 19. bxc3 Be6 20. Qh2 Rxc3
21. e5 Rxe3 22. exf6 Rxb3+ 23. cxb3 Bxf6 24. Qxh7+ Kf8 25. Qh6+ Kf7 26. Qe3 Qb5
27. Rh7+ Kg8 28. Rxe7 Bxe7 29. Qxe6+ Kf8 30. Qxg6 1-0

[Event "XVII Aberto "]
[Site "Ourense"]
[Date "2008.07.09"]
[Round "7.16"]
[White "Villalta Bustillo, Igor"]
[Black "Chemeris, Román"]
[Result "1/2-1/2"]
[WhiteElo "2146"]
[BlackElo "2303"]
[PlyCount "30"]
[EventDate "2008.07.03"]

1. d4 Nf6 2. Nf3 d5 3. e3 e6 4. Nbd2 c5 5. c3 Nc6 6. Bd3 Bd6 7. O-O O-O 8. Qe2
e5 9. dxc5 Bxc5 10. e4 h6 11. exd5 Nxd5 12. Ne4 Be7 13. Rd1 Qc7 14. Ng3 Nf6 15.
b4 a6 1/2-1/2

[Event "XVII Aberto "]
[Site "Ourense"]
[Date "2008.07.09"]
[Round "7.17"]
[White "Rivas Vila, David"]
[Black "Galan Martin, Pedro Juan"]
[Result "1/2-1/2"]
[WhiteElo "2260"]
[BlackElo "2114"]
[PlyCount "148"]
[EventDate "2008.07.03"]

1. g3 d5 2. f4 Nf6 3. Nf3 c5 4. Bg2 Nc6 5. O-O Bg4 6. c3 Bxf3 7. Bxf3 h5 8. d3
Qd7 9. e4 d4 10. Qe2 Rd8 11. e5 Nd5 12. Kh1 g6 13. Be4 Qg4 14. Bf3 Qd7 15. Re1
Bh6 16. c4 Ne3 17. Be4 h4 18. Bxe3 dxe3 19. Qxe3 Nd4 20. Na3 Qg4 21. Kg2 hxg3
22. hxg3 Ne6 23. Rf1 Nxf4+ 24. Rxf4 Bxf4 25. Qxf4 Qe2+ 26. Kg1 Qxb2 27. Rb1
Qxa3 28. e6 f6 29. Bxg6+ Kf8 30. Qd2 Qa6 31. Bf5 Qxc4 32. Qf2 Qd4 33. Qxd4 Rxd4
34. Rxb7 Ra4 35. Rb2 Rb4 36. Rc2 Rb1+ 37. Kg2 Kg7 38. Be4 Rc8 39. Bd5 Rbb8 40.
Kf3 f5 41. Rh2 Rh8 42. Rc2 Rb5 43. Bc4 Rb4 44. g4 Rh3+ 45. Kf4 fxg4 46. Kg5 g3
47. Kg4 Rh2 48. Rc1 Rd2 49. Kxg3 Rbb2 50. Kf3 a5 51. Ke4 Kf6 52. Kd5 a4 53.
Kxc5 Rdc2 54. Rxc2 Rxc2 55. Kb4 Ke5 56. Kxa4 Rb2 57. Bb3 Kd4 58. Kb5 Kxd3 59.
Kc6 Rg2 60. Bd5 Rg8 61. Kd7 Kd4 62. Bb3 Rg7 63. Bd1 Rh7 64. Kc6 Kc4 65. Bb3+
Kb4 66. Kd7 Ka3 67. Kd8 Kb4 68. Bc2 Rg7 69. Ke8 Kc5 70. Kd7 Kb4 71. a4 Rg2 72.
Be4 Rd2+ 73. Kxe7 Kxa4 74. Kf6 Rd6 1/2-1/2

[Event "XVII Aberto "]
[Site "Ourense"]
[Date "2008.07.09"]
[Round "7.18"]
[White "Perez Pascual, Arturo"]
[Black "Fernandez De Pablo, Miguel A"]
[Result "0-1"]
[WhiteElo "2016"]
[BlackElo "2232"]
[PlyCount "72"]
[EventDate "2008.07.03"]

1. e4 c5 2. Nf3 Nc6 3. d4 cxd4 4. Nxd4 Nf6 5. Nc3 e5 6. Ndb5 d6 7. Bg5 a6 8.
Bxf6 gxf6 9. Na3 b5 10. Nd5 Bg7 11. Bd3 Ne7 12. Nxe7 Qxe7 13. c4 f5 14. O-O O-O
15. Qf3 Qb7 16. Qe2 d5 17. cxd5 fxe4 18. Bxe4 f5 19. Bc2 Qd7 20. Rad1 Bb7 21.
Nb1 Kh8 22. a3 Rad8 23. Nc3 e4 24. f3 Rfe8 25. fxe4 Bxc3 26. bxc3 Bxd5 27. Qd2
Qa7+ 28. Kh1 fxe4 29. Qg5 Rg8 30. Qf6+ Qg7 31. Rd4 Qxf6 32. Rxf6 e3 33. Rxd5
Rxd5 34. Rf7 Re8 35. Rf1 Rd2 36. Bb3 Rb2 0-1

[Event "XVII Aberto "]
[Site "Ourense"]
[Date "2008.07.09"]
[Round "7.20"]
[White "Carril Garcia, Luis"]
[Black "Fernandez Borrego, Pablo"]
[Result "0-1"]
[WhiteElo "2034"]
[BlackElo "2229"]
[PlyCount "78"]
[EventDate "2008.07.03"]

1. Nf3 e6 2. c4 Nf6 3. g3 d5 4. Bg2 Be7 5. O-O O-O 6. b3 b6 7. Bb2 Bb7 8. Nc3
d4 9. Nb5 c5 10. e3 a6 11. Na3 Nc6 12. exd4 cxd4 13. d3 Qc7 14. Nc2 e5 15. Re1
Nd7 16. Qd2 Rae8 17. b4 Nd8 18. Re2 Ne6 19. Rae1 Bf6 20. Na1 Qc8 21. Nb3 Qa8
22. Nh4 Bxh4 23. Bxb7 Qxb7 24. gxh4 Nf4 25. Qxf4 exf4 26. Rxe8 Qf3 27. Nxd4
Qxd3 28. R8e7 Nf6 29. c5 bxc5 30. bxc5 f3 31. R7e5 Qd2 32. Nxf3 Qxb2 33. R1e2
Qc1+ 34. Kg2 Nd7 35. Re1 Qa3 36. R1e3 Qxa2 37. Rg5 h6 38. c6 hxg5 39. cxd7 Qd5
0-1

[Event "XVII Aberto "]
[Site "Ourense"]
[Date "2008.07.09"]
[Round "7.21"]
[White "Viterbo Ferreira, Jorge Joao"]
[Black "Outerelo Ucha, Manuel"]
[Result "1/2-1/2"]
[WhiteElo "2002"]
[BlackElo "2218"]
[PlyCount "86"]
[EventDate "2008.07.03"]

1. e4 e5 2. Nf3 Nc6 3. Bb5 f5 4. Nc3 Nf6 5. Qe2 fxe4 6. Nxe4 d5 7. Nxf6+ gxf6
8. d4 Bg7 9. dxe5 fxe5 10. c4 O-O 11. cxd5 e4 12. dxc6 exf3 13. gxf3 bxc6 14.
Bxc6 Rb8 15. Rg1 Qd6 16. Be4 Kh8 17. Rg3 Ba6 18. Qd2 Qxd2+ 19. Kxd2 Bxb2 20.
Bxb2+ Rxb2+ 21. Kc3 Rb6 22. Rag1 Rbf6 23. Rg7 R6f7 24. Rxf7 Rxf7 25. Bd5 Rf8
26. Kd4 Rd8 27. Kc5 Bd3 28. Re1 Rd7 29. Re8+ Kg7 30. Ra8 a6 31. f4 Be2 32. Re8
Bd3 33. Re3 Bf1 34. a4 Kf6 35. Rg3 Kf5 36. Rg8 Kxf4 37. Rf8+ Kg5 38. f4+ Kg6
39. f5+ Kg7 40. Rg8+ Kf6 41. Rf8+ Kg7 42. Rg8+ Kf6 43. Rf8+ Kg7 1/2-1/2

[Event "XVII Aberto "]
[Site "Ourense"]
[Date "2008.07.09"]
[Round "7.22"]
[White "Stanoev, Atanas"]
[Black "Villar Perez, Samuel"]
[Result "1-0"]
[WhiteElo "2198"]
[BlackElo "1937"]
[PlyCount "45"]
[EventDate "2008.07.03"]

1. d4 Nf6 2. Nf3 g6 3. Bf4 Bg7 4. e3 O-O 5. h3 c5 6. c3 d5 7. Be2 Nc6 8. O-O
Bf5 9. Nbd2 Nd7 10. g4 e5 11. Nxe5 Ndxe5 12. gxf5 cxd4 13. cxd4 Nd7 14. Bf3 Nf6
15. fxg6 fxg6 16. Bg2 Nh5 17. Bh2 Ne7 18. Qb3 Kh8 19. Qxb7 Bh6 20. Nf3 Nf5 21.
Ne5 Nh4 22. Qxd5 Qe7 23. Ng4 1-0

[Event "XVII Aberto "]
[Site "Ourense"]
[Date "2008.07.09"]
[Round "7.23"]
[White "Rey Torres, Salvador"]
[Black "Garcia-Ortega Mendez, Jose M"]
[Result "0-1"]
[WhiteElo "1906"]
[BlackElo "2196"]
[PlyCount "90"]
[EventDate "2008.07.03"]

1. e4 e5 2. Nf3 Nc6 3. Bc4 Nf6 4. Ng5 d5 5. exd5 Na5 6. Bb5+ c6 7. dxc6 bxc6 8.
Be2 h6 9. Nf3 e4 10. Ne5 Bd6 11. d4 O-O 12. O-O Qc7 13. f4 exf3 14. Nxf3 c5 15.
h3 cxd4 16. Nxd4 Ne4 17. Bf3 Bh2+ 18. Kh1 Ng3+ 19. Kxh2 Nxf1+ 20. Kg1 Ba6 21.
Bxa8 Rxa8 22. Ne2 Re8 23. Nbc3 Ne3 24. Bxe3 Rxe3 25. Qd4 Re8 26. Qa4 Re5 27.
Re1 Bb7 28. Qf4 Qe7 29. Rf1 Ba6 30. b4 Nc6 31. b5 Bxb5 32. Nxb5 Rxe2 33. Qc4
Qe6 34. Qc5 a6 35. Nc7 Qe4 36. Rf2 Re1+ 37. Kh2 Ne5 38. Nxa6 Qh4 39. Qc8+ Kh7
40. g3 Qd4 41. Qf5+ g6 42. Qf6 Qe4 43. Rf1 Re2+ 44. Rf2 Nf3+ 45. Kg2 Rxf2+ 0-1

[Event "XVII Aberto "]
[Site "Ourense"]
[Date "2008.07.09"]
[Round "7.24"]
[White "Eyo Castro-Rial, Alberto"]
[Black "Margarido, Ricardo Emanuel Tor"]
[Result "1-0"]
[WhiteElo "2192"]
[BlackElo "1864"]
[PlyCount "37"]
[EventDate "2008.07.03"]

1. e4 d6 2. d4 Nf6 3. Bd3 e5 4. Nf3 Nbd7 5. O-O Be7 6. Re1 O-O 7. c3 c6 8. a4
Re8 9. a5 Bf8 10. Nbd2 Qc7 11. Qc2 g6 12. b3 d5 13. exd5 Nxd5 14. Bb2 Bg7 15.
Nc4 c5 16. dxe5 Nxe5 17. Ncxe5 Rxe5 18. Nxe5 Bxe5 19. Rxe5 1-0

[Event "XVII Aberto "]
[Site "Ourense"]
[Date "2008.07.09"]
[Round "7.27"]
[White "Mejuto De Ulloa, Jorge"]
[Black "Doval Gonzalez, Jose"]
[Result "1-0"]
[WhiteElo "2067"]
[BlackElo "1886"]
[PlyCount "71"]
[EventDate "2008.07.03"]

1. e4 d5 2. exd5 Nf6 3. Nf3 Nxd5 4. d4 g6 5. Be2 Bg7 6. O-O O-O 7. h3 c6 8. c4
Nb6 9. Nc3 Bf5 10. Be3 Re8 11. Qb3 Qc8 12. a4 e5 13. dxe5 N6d7 14. g4 Be6 15.
Bf4 Nc5 16. Qd1 a5 17. Re1 Nba6 18. Ng5 Rd8 19. Qb1 Qc7 20. Bf1 Nb4 21. Nxe6
Nxe6 22. Bg3 Qe7 23. Rd1 Nd4 24. Qe4 Nb3 25. Rxd8+ Rxd8 26. Re1 Nd2 27. Qe2 Nc2
28. Rd1 Nd4 29. Qe3 N2f3+ 30. Kh1 Bxe5 31. Rxd4 Rxd4 32. Qxf3 Bxg3 33. Qxg3 Rd2
34. b3 Qb4 35. Ne4 Rb2 36. Qb8+ 1-0

[Event "XVII Aberto "]
[Site "Ourense"]
[Date "2008.07.09"]
[Round "7.28"]
[White "Hermida Araujo, Lino"]
[Black "Perez Candelario, Matias"]
[Result "0-1"]
[WhiteElo "1907"]
[BlackElo "2064"]
[PlyCount "89"]
[EventDate "2008.07.03"]

1. d4 g6 2. Nf3 Nf6 3. g3 c6 4. Bg2 Bg7 5. O-O O-O 6. Re1 d5 7. Nbd2 Ne4 8. c3
f5 9. Nf1 Nd7 10. N3d2 e5 11. dxe5 Nxe5 12. Qb3 Kh8 13. f3 Nc5 14. Qb4 b6 15.
Nb3 Re8 16. Bf4 Ned3 17. exd3 Rxe1 18. Rxe1 a5 19. Qa3 Bf8 20. Bg5 Qxg5 21. d4
Ne6 22. Nc5 bxc5 23. Qa4 Ra6 24. Qb3 Qd8 25. Qb8 Bd6 26. Qb3 Qb6 27. Qc2 cxd4
28. Kh1 Bd7 29. Nd2 Ra8 30. cxd4 a4 31. Re3 Qxd4 32. Rd3 Qf6 33. f4 Rb8 34. b3
Nc5 35. Re3 Ne4 36. Nf3 axb3 37. axb3 Bc5 38. Re2 Qa1+ 39. Re1 Qa7 40. Qb2+ Kg8
41. Bf1 Qa3 42. Qe5 Bd6 43. Qd4 Rb4 44. Ra1 Rxd4 45. Rxa3 0-1

[Event "XVII Aberto "]
[Site "Ourense"]
[Date "2008.07.09"]
[Round "7.29"]
[White "Outomuro Nieves, Rafael"]
[Black "Conde Carvajal, Juan Delfin"]
[Result "0-1"]
[WhiteElo "2051"]
[BlackElo "1873"]
[PlyCount "68"]
[EventDate "2008.07.03"]

1. e4 Nf6 2. d3 e5 3. Nf3 Nc6 4. Be2 Bc5 5. h3 d6 6. O-O O-O 7. c3 d5 8. Qc2 h6
9. b4 Bd6 10. a3 Ne7 11. c4 c6 12. Bb2 Ng6 13. cxd5 cxd5 14. Re1 d4 15. Nbd2
Be6 16. Nc4 Rc8 17. Qb1 b5 18. Nxd6 Qxd6 19. Nd2 Nf4 20. Bf1 Nd7 21. Qd1 Qe7
22. Rc1 Qg5 23. g4 h5 24. Nf3 Qg6 25. Nh2 Nf6 26. f3 Nh7 27. Rxc8 Rxc8 28. Bc1
Rc3 29. Bxf4 exf4 30. Qd2 Qf6 31. e5 Qh4 32. Re4 Rxa3 33. Qc1 Ra2 34. Qxf4 g5
0-1

[Event "XVII Aberto "]
[Site "Ourense"]
[Date "2008.07.09"]
[Round "7.30"]
[White "Gomez Dominguez, Breixo"]
[Black "De Sousa Da Silva, Armando"]
[Result "1/2-1/2"]
[WhiteElo "1856"]
[BlackElo "2031"]
[PlyCount "85"]
[EventDate "2008.07.03"]

1. e4 c6 2. d4 d5 3. Nd2 g6 4. Ngf3 Bg7 5. Be2 Bg4 6. exd5 Qxd5 7. c3 Qa5 8.
O-O Nd7 9. Nc4 Qc7 10. Ne3 h5 11. d5 Ngf6 12. dxc6 bxc6 13. Nd4 e5 14. Ndc2 Be6
15. Nc4 Nd5 16. Be3 O-O 17. Nb4 a5 18. Nd3 Nxc3 19. bxc3 Bxc4 20. Nc5 Bxe2 21.
Qxe2 Nxc5 22. Bxc5 Rfd8 23. Rab1 Rd5 24. Bb6 Qd7 25. Rfd1 Qe6 26. h3 Rb8 27.
Be3 Rbd8 28. Rxd5 Qxd5 29. c4 Qe4 30. Rd1 Rxd1+ 31. Qxd1 Kh7 32. Qa4 Bh6 33.
Bxh6 Kxh6 34. Qxa5 Qxc4 35. a4 Qc1+ 36. Kh2 f6 37. Qa8 h4 38. a5 Qc5 39. a6
Qxf2 40. a7 Kg5 41. Qb8 Qg3+ 42. Kh1 Qe1+ 43. Kh2 1/2-1/2